Fiction to reality: (Record no. 506954)
[ view plain ]
| 000 -LEADER | |
|---|---|
| fixed length control field | 00382nam a2200145Ia 4500 |
| 008 - FIXED-LENGTH DATA ELEMENTS--GENERAL INFORMATION | |
| fixed length control field | 181130s2018 xx 000 0 und d |
| 100 ## - MAIN ENTRY--PERSONAL NAME | |
| Personal name | Varghese, Manoj |
| 245 ## - TITLE STATEMENT | |
| Title | Fiction to reality: |
| Remainder of title | virtual reality in higher education |
| 260 ## - PUBLICATION, DISTRIBUTION, ETC. | |
| Date of publication, distribution, etc. | 2018 |
| 300 ## - PHYSICAL DESCRIPTION | |
| Extent | p.11-16. |
| 504 ## - BIBLIOGRAPHY, ETC. NOTE | |
| -- | 13-Aug |
| 650 ## - SUBJECT ADDED ENTRY--TOPICAL TERM | |
| Topical term or geographic name entry element | Higher education |
| 773 ## - HOST ITEM ENTRY | |
| Main entry heading | University News |
| 906 ## - LOCAL DATA ELEMENT F, LDF (RLIN) | |
| a | Higher education |
| Withdrawn status | Lost status | Damaged status | Not for loan | Permanent Location | Current Location | Date acquired | Serial Enumeration / chronology | Barcode | Date last seen | Price effective from | Koha item type |
|---|---|---|---|---|---|---|---|---|---|---|---|
| Indian Institute of Public Administration | Indian Institute of Public Administration | 2018-12-07 | 56(33),13-Aug, 2018: p.11-16. | AR117840 | 2018-12-07 | 2018-12-07 | Articles |
